Statistics for UEFA Team of the Year

Click here to take the quiz!

General Stats

  • This quiz has been taken 70 times
  • The average score is 9 of 11

Answer Stats

TeamPlayer% Correct
JuventusCristiano Ronaldo
100%
BarcelonaLionel Messi
100%
Manchester CityKevin De Bruyne
93%
Bayern MunichRobert Lewandowski
93%
LiverpoolSadio Mané
93%
LiverpoolVirgil van Dijk
90%
LiverpoolAndy Robertson
82%
LiverpoolTrent Alexander-Arnold
81%
LiverpoolAlisson Becker
75%
JuventusMatthijs de Ligt
69%
BarcelonaFrenkie de Jong
66%

Score Distribution

Percentile by Number Answered

Percent of People with Each Score

Your Score History

You have not taken this quiz